000 00536nam a2200169 i 4500
001 57435
003 ES-MaACL
005 20230906163557.0
007 t|
008 031016s1973 sp ||||1| spa d
100 1 _aDorfles, Gillo.
_945398
245 1 0 _aSentido e insensatez en el arte de hoy /
_cGillo Dorfles ; [traducido por Joaquín Espinosa Carbonell].
260 _aValencia :
_bFernando Torres,
_c[1973]
300 _a174 p. ;
_c18 cm.
700 1 _aEspinosa Carbonell, Joaquín.
_947906
852 _aES-MaACL
_jC-54568
_bR.87325
999 _c57435
_d57435